Toutes les équipes sportives nord-américaines - Statistiques

Statistiques générales
  • Ce quiz a été pris 305 fois
  • Le résultat moyen est 63 sur 123
Statistiques - réponses
League Team % Correct
NHL Hockey Kings de Los Angeles
83%
NBA Basketball Kings de Sacramento
83%
NBA Basketball Lakers de Los Angeles
81%
NFL Football Jets de New York
76%
NHL Hockey Jets de Winnipeg
76%
NBA Basketball Celtics de Boston
75%
Major League Baseball Reds de Cincinnati
74%
NFL Football Patriots de la Nouvelle-Angleterre
73%
NBA Basketball Bulls de Chicago
71%
NBA Basketball Raptors de Toronto
71%
NBA Basketball Warriors de Golden State
69%
NFL Football Giants de New York
67%
Major League Baseball Giants de San Francisco
67%
NBA Basketball Bucks de Milwaukee
66%
NBA Basketball Heat de Miami
66%
NBA Basketball Clippers de Los Angeles
65%
NBA Basketball Nets de Brooklyn
65%
NFL Football Panthers de la Caroline
65%
NHL Hockey Panthers de la Floride
65%
NBA Basketball Spurs de San Antonio
65%
NBA Basketball Knicks de New York
64%
NBA Basketball Nuggets de Denver
64%
NBA Basketball 76ers de Philadelphie
61%
NFL Football Chiefs de Kansas City
61%
NHL Hockey Rangers de New York
61%
Major League Baseball Rangers du Texas
61%
Major League Baseball Red Sox de Boston
61%
NBA Basketball Rockets de Houston
61%
NFL Football 49ers de San Francisco
59%
NHL Hockey Canadiens de Montréal
59%
NBA Basketball Hawks d'Atlanta
58%
NFL Football Cardinals de l'Arizona
57%
Major League Baseball Cardinals de St-Louis
57%
NFL Football Dolphins de Miami
57%
NBA Basketball Cavaliers de Cleveland
56%
NBA Basketball Pistons de Détroit
56%
Major League Baseball White Sox de Chicago
56%
Major League Baseball Yankees de New York
56%
NBA Basketball Jazz de l'Utah
55%
NFL Football Lions de Détroit
55%
Major League Baseball Mets de New York
55%
NBA Basketball Wizards de Washington
55%
NFL Football Bears de Chicago
54%
NHL Hockey Bruins de Boston
54%
NBA Basketball Hornets de Charlotte
54%
NBA Basketball Magic d'Orlando
54%
NHL Hockey Senators d'Ottawa
54%
NBA Basketball Thunder de Oklahoma City
54%
NBA Basketball Mavericks de Dallas
53%
NFL Football Ravens de Baltimore
53%
NFL Football Seahawks de Seattle
53%
NHL Hockey Capitals de Washington
52%
NFL Football Cowboys de Dallas
52%
NFL Football Eagles de Philadelphie
52%
NHL Hockey Maple Leafs de Toronto
52%
NFL Football Packers de Green Bay
52%
NBA Basketball Pelicans de la Nouvelle-Orléans
52%
NFL Football Raiders de Las Vegas
52%
NFL Football Rams de Los Angeles
52%
NFL Football Bengals de Cincinnati
51%
NHL Hockey Islanders de New York
51%
NBA Basketball Pacers de l'Indiana
51%
NHL Hockey Sharks de San Jose
51%
NHL Hockey Stars de Dallas
51%
NFL Football Steelers de Pittsburgh
51%
NBA Basketball Timberwolves du Minnesota
51%
Major League Baseball Dodgers de Los Angeles
50%
NHL Hockey Lightning de Tampa Bay
50%
NFL Football Saints de la Nouvelle-Orléans
50%
NFL Football Chargers de Los Angeles
49%
NFL Football Falcons d'Atlanta
49%
NFL Football Vikings du Minnesota
49%
NHL Hockey Avalanche du Colorado
48%
NFL Football Browns de Cleveland
48%
NHL Hockey Canucks de Vancouver
48%
NBA Basketball Grizzlies de Memphis
48%
NHL Hockey Oilers d'Edmonton
48%
NHL Hockey Penguins de Pittsburgh
48%
NBA Basketball Suns de Phoenix
48%
NFL Football Bills de Buffalo
47%
NHL Hockey Flames de Calgary
47%
Major League Baseball Blue Jays de Toronto
46%
NHL Hockey Golden Knights de Vegas
46%
NHL Hockey Ducks d'Anaheim
45%
NHL Hockey Hurricanes de la Caroline
45%
NFL Football Texans de Houston
45%
NHL Hockey Blackhawks de Chicago
44%
NHL Hockey Flyers de Philadelphie
44%
NHL Hockey Red Wings de Détroit
44%
Major League Baseball Astros de Houston
43%
NHL Hockey Blues de St-Louis
43%
NFL Football Colts d'Indianapolis
43%
NHL Hockey Coyotes de l'Arizona
43%
NFL Football Jaguars de Jacksonville
43%
NFL Football Redskins de Washington
43%
Major League Baseball Cubs de Chicago
42%
NHL Hockey Wild du Minnesota
42%
NFL Football Broncos de Denver
41%
NHL Hockey Devils du New Jersey
41%
Major League Baseball Pirates de Pittsburgh
41%
NHL Hockey Predators de Nashville
41%
NHL Hockey Sabres de Buffalo
41%
NFL Football Buccaneers de Tampa Bay
40%
NFL Football Titans du Tennessee
39%
Major League Baseball Angels de Los Angeles
38%
Major League Baseball Tigers de Détroit
38%
Major League Baseball Indians de Cleveland
37%
NHL Hockey Blue Jackets de Columbus
35%
Major League Baseball Braves d'Atlanta
34%
Major League Baseball Marlins de Miami
34%
Major League Baseball Orioles de Baltimore
34%
Major League Baseball Phillies de Philadelphie
34%
Major League Baseball Mariners de Seattle
33%
Major League Baseball Rays de Tampa Bay
33%
Major League Baseball Twins du Minnesota
33%
Major League Baseball Nationals de Washington
32%
Major League Baseball Diamondbacks de l'Arizona
31%
Major League Baseball Brewers de Milwaukee
30%
Major League Baseball Royals de Kansas City
30%
Major League Baseball Rockies du Colorado
29%
Major League Baseball Padres de San Diego
27%
Major League Baseball Athletics d'Oakland
25%
NBA Basketball Trail Blazers de Portland
2%
Aucun quiz correspondant
Distribution des résultats
% des personnes avec chaque résultat
Percentile par nombre de réponses
Votre historique - résultats
Vous n’avez pas pris ce quiz